000 00704nam a2200229 a 4500
999 _c3192
_d3192
001 3192
003 BD-JhCC
005 20171112101753.0
008 171111s1985 bg a|||| ||a| 000 0 ben d
035 _a(BD-JhCC)3192
040 _aBD-JhCC
_dBD-JhCC
041 _aben
082 _a523.2
_bBOR 1985
100 _aবড়ুয়া, সুব্রত
245 _aসৌরজগৎ /
_cসুব্রত বড়ুয়া,
260 _aঢাকা :
_bবাংলা একাডেমী,
_c1985
300 _a105 p. :
_c18 cm.
490 _aSeries in honour of the Martyrs of the Language Movement of February 1952.
650 _aSolar System
942 _2ddc
_cBK